000 01294nam a2200325 i 4500
003 EG-GICUC
005 20260226131412.0
008 260226s2004 ua ||||fr|||| 000 0 ara d
040 _a EG-GICUC
_bara
_c EG-GICUC
_d EG-GICUC
_erda
041 0 _aara
082 0 4 _221
_a251
_bم ح . ن
092 0 4 _221
099 _aLaw1 01 251 م ح . ن 2004
100 0 _aمحمود بلال مهران.
_eمترجم.
245 1 2 _aالنظريات العامة في الفقه الإسلامي :
_bنظرية الحق - المال والملكية - نظرية العقد /
_cمحمود بلال مهران.
250 _aالطبعة الأولي.
264 1 _aالقاهرة :
_bدار الثقافة العربية،
_c2004.
300 _a499 صفحة، صفحات غير مرقمة ؛
_c24 سم.
336 _2rda content
_atext
337 _2rda media
_aComputer
338 _2rda carrier
_aOnline Resource
500 _aحقوق الطبع محفوظة للمؤلف.
504 _aيشتمل على إرجاعات ببليوجرافية.
546 _aالنص باللغة العربية
650 1 _aأصول الفقه الإسلامي.
_2qrmak
651 1 _2qrmak
856 4 0 _uhttps://fll.law.cu.edu.eg/fulltext/bks/B01-03781.pdf
905 _a62
942 _2ddc
_n0
_cBK
_e21
999 _c64264
_d64264